Essentials of pharmacology : (Record no. 1480)

MARC details
000 -LEADER
fixed length control field 01119pam a2200349 i 4500
001 - CONTROL NUMBER
control field data
005 - DATE AND TIME OF LATEST TRANSACTION
control field 20260322212102.0
008 - FIXED-LENGTH DATA ELEMENTS--GENERAL INFORMATION
fixed length control field data
035 ## - SYSTEM CONTROL NUMBER
System control number 2217704
010 ## - LIBRARY OF CONGRESS CONTROL NUMBER
LC control number 75040101
020 ## - INTERNATIONAL STANDARD BOOK NUMBER
International Standard Book Number 0061404640
020 ## - INTERNATIONAL STANDARD BOOK NUMBER
International Standard Book Number 9780061404641
035 ## - SYSTEM CONTROL NUMBER
-- (DLC) 75040101
040 ## - CATALOGING SOURCE
Original cataloging agency DLC
Transcribing agency DLC
Modifying agency DLC
050 00 - LIBRARY OF CONGRESS CALL NUMBER
Classification number RM300
Item number .E84 1976
060 ## - NATIONAL LIBRARY OF MEDICINE CALL NUMBER
Classification number QV4 E78
082 00 - DEWEY DECIMAL CLASSIFICATION NUMBER
Classification number 615/.1
245 00 - TITLE STATEMENT
Title Essentials of pharmacology :
Remainder of title introduction to the principles of drug action /
Statement of responsibility, etc. edited by John A. Bevan.
250 ## - EDITION STATEMENT
Edition statement 2d ed.
260 ## - PUBLICATION, DISTRIBUTION, ETC.
Place of publication, distribution, etc. Hagerstown, Md. :
Name of publisher, distributor, etc. Medical Dept., Harper & Row,
Date of publication, distribution, etc. c1976.
300 ## - PHYSICAL DESCRIPTION
Extent xix, 649 p., [1] leaf of plates :
Other physical details ill. ;
Dimensions 27 cm.
336 ## - CONTENT TYPE
Content type term text
Content type code txt
Source rdacontent
337 ## - MEDIA TYPE
Media type term unmediated
Media type code n
Source rdamedia
338 ## - CARRIER TYPE
Carrier type term volume
Carrier type code nc
Source rdacarrier
504 ## - BIBLIOGRAPHY, ETC. NOTE
Bibliography, etc. note Includes bibliographies and index.
650 #0 - SUBJECT ADDED ENTRY--TOPICAL TERM
Topical term or geographic name entry element Pharmacology.
650 #2 - SUBJECT ADDED ENTRY--TOPICAL TERM
Topical term or geographic name entry element Pharmacology.
700 1# - ADDED ENTRY--PERSONAL NAME
Personal name Bevan, John A.,
Dates associated with a name 1930-
906 ## - LOCAL DATA ELEMENT F, LDF (RLIN)
a 7
b cbc
c orignew
d 1
e ocip
f 19
g y-gencatlg
991 ## -
-- c-GenColl
-- RM300
-- .E84 1976
-- 0002587545A
-- Copy 1
-- BOOKS
Holdings
Withdrawn status Lost status Damaged status Not for loan Home library Current library Shelving location Date acquired Total checkouts Full call number Barcode Date last seen Price effective from Koha item type
        Riverside Riverside General stacks 22/03/2026   615/.1 LOC-RPL-00027 22/03/2026 22/03/2026 Books